000 00442nam a2200169 i 4500
001 bg
100 1 _aGAJEK, Jacek
245 0 _aLaboratorium mechanicznych urzadzeń automatyki /
_cJacek Gajek.
260 _aGdańsk :
_bPolit. Gdańska,
_c1974.
300 _as. 134 :
_brys.
504 _a[Zawiera bibliogr. s. 133-134].
040 _cBPK
041 _apol
080 _a62-5
942 _cKS
008 s pl f |000 0 pol
999 _c26428
_d26428
856 _uhttp://koha.tu.koszalin.pl/cgi-bin/koha/opac-detail.pl?biblionumber=26428
_yKatalog online BPK